000 00753nam a22002297a 4500
003 BUBTL
008 230305b ||||| |||| 00| 0 eng d
020 _a9780415275446
082 _a811.3/ W591s/ 2005
100 _95199
_aWhitman, Walt
245 _aSong of myself :
_bA Sourcebook and Critical Edition/
_cWalt Whitman, Ezra Greenspan
250 _a1st Edn
260 _aLondon:
_bRoutledge Taylor & Francis Group,
_cc2005
300 _axiii, 210 p.:
_c22.5 cm
500 _aIncludes Index
505 _aSong of myself, Walt Whitman, English Literature, English, Ezra Greenspan
650 0 _91994
_aEnglish Literature
700 _95200
_aGreenspan, Ezra
856 _k0
_l0
_yDownload
942 _2ddc
_cBK
999 _c6962
_d6962